| 000 | 00943nam a2200217Ia 4500 | ||
|---|---|---|---|
| 999 |
_c37548 _d37548 |
||
| 001 | 3514 | ||
| 003 | GE_BSU | ||
| 005 | 20190620154738.0 | ||
| 008 | 181216s2000||||ge |||||||||||||| ||geo|| | ||
| 020 | _a9992877278 | ||
| 040 | _cGE_BSU | ||
| 080 | _a54+574 ს–47 | ||
| 100 |
_aსიდამონიძე, შოთა _92671 |
||
| 245 |
_aსინთეზური თხევადი საწვავის ქიმია / _cშოთა სიდამონიძე ; არედ.: მიხეილ ურუშაძე. |
||
| 264 |
_aთბილისი : _bთბილისის უნ–ტის გამ–ბა, _c2000. |
||
| 300 |
_a194 გვ. _b20 სმ. |
||
| 504 | _aბიბლიოგრ.: გვ. 187. | ||
| 653 | _aთხევადი საწვავის ქიმია. | ||
| 700 |
_aურუშაძე, მიხეილ _eრედაქტორი _92672 |
||
| 942 |
_cBK _2udc |
||